Living things: (Record no. 115039)
[ view plain ]
| 000 -LEADER | |
|---|---|
| fixed length control field | 00493nam a2200181 a 4500 |
| 005 - DATE AND TIME OF LATEST TRANSACTION | |
| control field | 20140414132120.0 |
| 008 - FIXED-LENGTH DATA ELEMENTS--GENERAL INFORMATION | |
| fixed length control field | 121022s19uu xx 00 eng d |
| 020 ## - INTERNATIONAL STANDARD BOOK NUMBER | |
| International Standard Book Number | 813673097 |
| 050 ## - LIBRARY OF CONGRESS CALL NUMBER | |
| Classification number | BB |
| Item number | Li784 1993 |
| 100 ## - MAIN ENTRY--PERSONAL NAME | |
| Personal name | Holloway, Judith |
| 245 ## - TITLE STATEMENT | |
| Title | Living things: |
| Remainder of title | concept science. |
| 260 ## - PUBLICATION, DISTRIBUTION, ETC. (IMPRINT) | |
| Place of publication, distribution, etc | Cleveland,Ohio : |
| Name of publisher, distributor, etc | Modern Curriculum Press, |
| Date of publication, distribution, etc | 1993. |
| 300 ## - PHYSICAL DESCRIPTION | |
| Extent | 17 |
| 650 ## - SUBJECT ADDED ENTRY--TOPICAL TERM | |
| Topical term or geographic name as entry element | Living things-animals. |
| 700 ## - ADDED ENTRY--PERSONAL NAME | |
| Personal name | Clive Harper |
| 700 ## - ADDED ENTRY--PERSONAL NAME | |
| Personal name | Stan Chan (illustrator) |
| Withdrawn status | Lost status | Damaged status | Use restrictions | Home library | Current library | Shelving location | Date acquired | Source of acquisition | Total Checkouts | Full call number | Barcode | Date last seen | Price effective from | Koha item type |
|---|---|---|---|---|---|---|---|---|---|---|---|---|---|---|
| Munich Library | Munich Library | Big Books Section | 10/22/2012 | BB Li784 1993 | M7019 | 04/14/2014 | 04/14/2014 | Books |